000 00412nam a2200181Ia 4500
001 9055
005 20260306160655.0
008 260306t2009||||xx |||||||||||||| ||spa||
041 _aESP
082 _a372.45
_bA72
100 _aAristizabal, Alberto
_eAUT
245 0 _aCómo leer mejor
260 _c2009
300 _a215 páginas :
_c21 cm.
650 _aGEN
654 _aCED
942 _cLIB
_dJUS
_fJUS
_2ddc
_n
999 _c9055
_d9055